Datum a čas kvízu
31
Celkem bodů
Celkový počet nahraných bodů na tomto kvízu bez doplňovacích otázek.
3.
Pořadí na kvízu
Konečné umístění týmu na tomto kvízu.
Zaznamenané odpovědi
| # | Otázka | Odpověď | Body | Výsledky |
|---|---|---|---|---|
| 1. | Který ze zamýšlených uchazečů... | Miroslav Kalousek | 1 | |
| 2. | Po několik posledních týdnů by... | Severní Korea | 1 | |
| 3. | V úterý začal pro Čínu nový ro... | znamení Tygra | 1 | |
| 4. | Minulý týden jsme se dozvěděli... | Prima TV | 1 | |
| 6. | Patrně nejznámější čarodějnicí... | Kirké | 1 | |
| 7. | Tento britsko-kanadský seriál... | Čarodějnice školou povinné | 1 | |
| 8. | Nechvalnou součástí historie j... | Salem | 1 | |
| 9. | Ve filmové adaptaci knihy Čaro... | (Somewhere) Over the Rainbow | 0 | |
| 10. | Hlavní postava malé čarodějnic... | Abraxas | 0 | |
| 11. | Po nějaké době opět přicházíme... | Zábřeh, Záhřeb | 1 |